000
00298nam a22001457a 4500
008
221124b ||||| |||| 00| 0 eng d
020
_a
9781616694074
041
_a
eng
080
_a
61
082
_a
61
100
_a
5
101
_a
mjk
245
_a
BASIC LIFE SUPPORT
_c
BLS
942
_2
udc
_c
BK
999
_c
59015
_d
59015